| 000 | 00000nam##2200000za#4500 |
| 001 | 9.569590 |
| 003 | CaOODSP |
| 005 | 20210624181836 |
| 007 | cr ||||||||||| |
| 008 | 150406|2000||||xxc|||||o f|0| 0 eng|d |
| 040 | |aCaOODSP|beng |
| 043 | |an-cn--- |
| 086 | 1 |aNH18-1/104-2000E-PDF |
| 110 | 2 |aCanada Mortgage and Housing Corporation. |
| 245 | 10|aHousing markets in BC resource communities : |h[electronic resource]|bcase studies from the 1980s to the 1990s / |cprepared by G. A. Pedersson and Associates. |
| 260 | |aOttawa - Ontario : |bCanada Mortgage and Housing Corporation |c2000. |
| 300 | |a191p.|bfigs., graphs, maps, references, tables |
| 490 | 1 |aResearch report |
| 546 | |a(Sommaire en français.) |
| 590 | |a12-27-Supp|b2012-06-12 |
| 830 | #0|aResearch report (Canada Mortgage and Housing Corporation : Online)|w(CaOODSP)9.506068 |
| 856 | 40|ahttp://publications.gc.ca|qPDF|s11 MB|uhttps://publications.gc.ca/collections/collection_2011/schl-cmhc/nh18-1/NH18-1-104-2000-eng.pdf |